"What is that?" said the cat / (Record no. 5834)

MARC details
000 -LEADER
fixed length control field 00980nam a22003137a 4500
001 - CONTROL NUMBER
control field 5834
003 - CONTROL NUMBER IDENTIFIER
control field FISKH
005 - DATE AND TIME OF LATEST TRANSACTION
control field 20250124082613.0
008 - FIXED-LENGTH DATA ELEMENTS--GENERAL INFORMATION
fixed length control field 250124b cb ||||| |||| 00| 0 eng d
020 ## - INTERNATIONAL STANDARD BOOK NUMBER
International Standard Book Number 9780590259453
040 ## - CATALOGING SOURCE
Original cataloging agency FISKH
Language of cataloging eng
Transcribing agency FISKH
Modifying agency FISKH
050 ## - LIBRARY OF CONGRESS CALL NUMBER
Classification number PZ8.M127
082 ## - DEWEY DECIMAL CLASSIFICATION NUMBER
Classification number 484
100 ## - MAIN ENTRY--PERSONAL NAME
Personal name Maccarone, Grace
245 ## - TITLE STATEMENT
Title "What is that?" said the cat /
Statement of responsibility, etc. by Grace Maccarone Illustrated by Jeffrey Scherer
250 ## - EDITION STATEMENT
Edition statement First printing in 1995
260 ## - PUBLICATION, DISTRIBUTION, ETC.
Place of publication, distribution, etc. New York :
Name of publisher, distributor, etc. Scholastic,
Date of publication, distribution, etc. 1995.
300 ## - PHYSICAL DESCRIPTION
Extent 29 pages :
Other physical details color illustrations ;
Dimensions 23 cm
490 ## - SERIES STATEMENT
Series statement Scholastic reader
Volume/sequential designation Level 1
505 ## - FORMATTED CONTENTS NOTE
Formatted contents note C<br/>
520 ## - SUMMARY, ETC.
Summary, etc. An assortment of animals tries different ways to get a big box open, only to be VERY surprised by what is inside.
521 8# - TARGET AUDIENCE NOTE
Target audience note 160<br/>
Source Lexile<br/>
521 8# - TARGET AUDIENCE NOTE
Target audience note C<br/>
Source Raz-Plus<br/>
650 ## - SUBJECT ADDED ENTRY--TOPICAL TERM
Source of heading or term Early reader
Topical term or geographic name entry element Fiction
650 ## - SUBJECT ADDED ENTRY--TOPICAL TERM
Source of heading or term Rhyming
Topical term or geographic name entry element Cats
700 ## - ADDED ENTRY--PERSONAL NAME
Personal name Scherer, Jeffrey
Dates associated with a name illustrator
942 ## - ADDED ENTRY ELEMENTS (KOHA)
Source of classification or shelving scheme Dewey Decimal Classification
Koha item type Books
Suppress in OPAC No
Holdings
Withdrawn status Lost status Source of classification or shelving scheme Damaged status Not for loan Collection Home library Current library Shelving location Date acquired Total Checkouts Full call number Barcode Date last seen Copy number Price effective from Koha item type
    Dewey Decimal Classification     Juvenile Fiction Footprints International School Library Network Toul Kork Campus Footprints International School Library Network Toul Kork Campus TK Primary Library Room(4th Floor), Bookcase 7, Shelves 57-60, Dark Green Books 01/24/2025   MAC 484 PZ8.M127 2025-0082 01/24/2025 1 01/24/2025 Books